000 01565nam a22002057a 4500
999 _c5569
_d5569
003 OSt
005 20251003093105.0
008 251003b ||||| |||| 00| 0 eng d
020 _a9780007204311
040 _cKH8
082 _aFIC COE
100 _aCoelho, Paulo,
_eauthor.
245 _aThe Zahir /
_cPaulo Coelho.
260 _aLondon ;
_bHarper Collins Publishers ,
_c2005.
300 _a339 pages :
_c22 cm.
520 _aThe Zahir, Paulo Coelho's new novel, is a perfect follow-on to The Alchemist. Paulo picks up the theme of the pilgrimage to Santiago but tells a very different, gripping story of love, loss and passionate obsession. The protagonist of this new novel is a renowned author who writes about spirituality and once went on pilgrimage along the road to Santiago. On a return visit, he is suddenly abandoned by his wife, who leaves no trace of herself behind. As the story unfolds the author becomes obsessed with understanding the reason for her desertion. The title comes from a tale by Jorge Luis Borges, published in his book The Aleph. In Arabic Zahir means 'visible, present and unable to go unnoticed.' It refers to something or someone that ends up being the only thing we can think of. This state of 'possession' can be understood as saintliness or insanity, with a fine line between the two. The novel is also full of comments on what it is to be rich and famous, on the meaning of money, on what motivates a writer and on the nature of marriage.
650 _aRomance
_vfiction
650 _aLove story
_vfiction
942 _2ddc
_cFIC